Statistiques concernant Paroles Emmenez-moi - Charles Aznavour

Cliquez ici pour prendre le quiz!

Statistiques générales

  • Ce quiz a été pris 2 927 fois
  • Le résultat moyen est 224 sur 312

Statistiques - réponses

Réponse% Correct
à
99%
de
98%
me
98%
au
97%
97%
la
97%
des
96%
bout
95%
emmenez-moi
95%
il
95%
pays
95%
moi
94%
que
94%
terre
94%
le
93%
merveilles
93%
misère
93%
soleil
93%
semble
92%
moins
91%
pénible
91%
serait
91%
les
89%
du
84%
et
84%
ma
83%
m'a
83%
mon
81%
81%
en
78%
sur
77%
un
77%
Un
77%
ils
76%
vie
76%
avec
75%
ciel
75%
monde
75%
bateaux
74%
je
74%
jour
73%
qui
73%
cou
72%
dans
72%
dos
72%
l'ennui
69%
ventre
69%
marins
68%
nord
68%
Vers
68%
ce
67%
docks
67%
viennent
67%
alourdi
66%
fruits
66%
toute
66%
arrivent
65%
bord
65%
courbent
65%
eux
65%
port
64%
tombée
64%
aux
63%
connu
63%
idées
63%
vagabondes
63%
main
62%
n'ai
62%
poids
62%
on
61%
plages
61%
beau
60%
verre
60%
virant
60%
bleus
59%
bars
58%
presque
58%
été
57%
nus
57%
quand
57%
filles
56%
l'on
56%
ciels
55%
mirages
55%
parle
55%
reflets
55%
vit
55%
rêve
54%
coque
53%
d'amour
53%
gris
53%
apportant
52%
charbon
52%
pour
52%
rafiot
52%
craquant
51%
inconnus
51%
j'aimerais
51%
parfum
51%
soute
51%
débarbouiller
50%
matin
50%
pont
50%
leur
49%
debout
48%
très
48%
poivré
47%
étés
46%
jusqu'au
45%
chantant
44%
coeur
44%
d'éternels
44%
fort
44%
grève
44%
traînant
44%
ces
43%
merveilleux
43%
mes
43%
ferment
42%
n'est
42%
partir
42%
pends
42%
travaillerais
42%
rejoignent
41%
sans
41%
encore
40%
fleurs
40%
pensée
40%
choses
38%
colliers
38%
passé
38%
soudain
38%
vous
38%
dépose
37%
comme
36%
dit
36%
libéré
36%
notion
36%
perds
36%
t'on
36%
vivre
36%
aucun
35%
remords
34%
rien
34%
enivrent
33%
vois
33%
important
32%
fou
31%
rêves
31%
bagage
30%
îles
30%
laissant
30%
l'amour
30%
m'enlève
30%
devant
28%
bras
27%
lointaines
26%
ravissent
26%
tressant
26%
alanguies
25%
fuirais
25%
mène
25%
route
25%
court
24%
d'enfant
24%
prenant
23%
tendant
21%

Distribution des résultats

Percentile par nombre de réponses

% des personnes avec chaque résultat

Votre développement - résultats

Vous n’avez pas pris ce quiz